| 000 | 00655nam a22001817a 4500 | ||
|---|---|---|---|
| 005 | 20251108164018.0 | ||
| 008 | 250721s1995 xx 000 0 ara d | ||
| 082 | 1 | 4 | _a137/علا |
| 100 | 1 | _aكفافي، علاء الدين | |
| 245 | 1 | 0 |
_aصورة الجسم و بعض متغيرات الشخصية لدى عينات من المراهقات : _bدراسة إرتقائية إرتباطية ... / |
| 264 | 1 |
_aالاسكندريه : _bدار المعرفة الجامعية، _c1995. |
|
| 300 | _a174ص | ||
| 650 | 1 | 7 | _aالشخصية |
| 650 | 1 | 7 | _aالمراهقة |
| 700 | 1 | _aالنيال، ماسية أحمد | |
| 942 |
_2ddc _cBK |
||
| 999 |
_c1368 _d1368 |
||